000 01294nam a22003737a 4500
001 2927938
003 OSt
005 20210426120403.0
008 890301s1990 nyua b 001 0 eng
010 _a 89040127
020 _a0679726101
040 _aDLC
_cDLC
_dDLC
_beng
041 _aeng
043 _ae-fr---
050 0 0 _aDC148
_b.S43 1990
080 _a94
_bS-31
082 0 0 _a944.04
_220
100 1 _aSchama, Simon.
245 1 0 _aCitizens :
_ba chronicle of the French Revolution /
_c/ by: Vintage Books
250 _a1st Vintage Books edition
260 _aNew York :
_bVintage Books
_c1990.
300 _axx, 948 p.
_bill.
_c24 cm.
365 _b26 usd
504 _aIncludes bibliographical references (p. 879-906) and index.
650 0 _9252
_aHistory
651 0 _aFrance
_xHistory
_yRevolution, 1789-1799.
653 _aისტორია
653 _aსაფრანგეთის რევოლუცია
856 4 2 _3Contributor biographical information
_uhttp://www.loc.gov/catdir/bios/random056/89040127.html
856 4 2 _3Publisher description
_uhttp://www.loc.gov/catdir/description/random042/89040127.html
906 _a7
_bcbc
_corignew
_d1
_eocip
_f19
_gy-gencatlg
942 _2udc
_cBK
_e1
999 _c1032
_d1032